000
00266nam a2200097Ia 4500
005
20251222114357.0
008
251222s1900||||xx |||||||||||||| ||spa||
082
_a
DVD0070/P59/2002
245
0
_a
Kamchatka: creer no es más que descubrir un par de secretos:
942
_c
DVD
999
_c
1477
_d
1477